000 00660nam a2200229Ia 4500
005 20250508164006.0
008 008 250505s9999 xx 000 0 eng d
020 _a0-521-38777-9
037 _aReference
040 _aFEDL
_beng
_cFEDL
041 _aeng
_2eng
084 _a155.4, MEI
_qFEDL
100 _aMeisels Samuel J Ed.
_9776983
245 0 _aHandbook of early childhood intervention
260 _aCambridge
_bCambridge University Press
_c1996
300 _axxi,760p.
365 _aGBP
_b24.95
650 _aChild psychology
700 _a Shonkoff Jack P Ed.
_9776984
942 _cREF
_h155.4, MEI
999 _c1386462
_d1386462